000 00493nam a22001577a 4500
003 NUST
082 _a200
100 _aRiaz, Umair
_916154
245 _aSpectrum Sensing: An integrated approach for 6G VANETs/
_cUmair Riaz,
264 _aIslamabad :
_bSEECS. NUST,
_c2023.
300 _a58 p. ;
_c30 cm.
650 _aMS-Electrical Engineering
_923567
700 _aSupervisor: Dr. Huma Ghafoor
_9104658
856 _uhttp://10.250.8.41:8080/xmlui/handle/123456789/32375
942 _2ddc
_cSC
999 _c593329
_d593329